[Event "Copenhagen CU 75th"]
[Site "Copenhagen"]
[Date "2002.02.17"]
[Round "9"]
[White "Mortensen, Erling"]
[Black "Hector, Jonny"]
[Result "1-0"]
[WhiteElo "2441"]
[BlackElo "2507"]
[Annotator "Wedberg,T"]
[PlyCount "101"]
[EventDate "2002.02.09"]
[EventType "tourn"]
[EventRounds "9"]
[EventCountry "DEN"]
[EventCategory "9"]
[SourceTitle "CBM 088"]
[Source "ChessBase"]
[SourceDate "2002.03.21"]
[SourceVersion "1"]
[SourceVersionDate "2002.03.21"]
[SourceQuality "1"]

1. e4 e5 2. Nf3 Nc6 3. Bb5 a6 4. Ba4 Nf6 5. O-O b5 6. Bb3 Bb7 7. d3 Bc5 8. Nc3
d6 9. a4 b4 10. Ne2 O-O 11. Ng3 Rb8 (11... Bc8 12. Bg5 Na5 13. Bd5 c6 14. Ba2
h6 15. Bh4 Bg4 16. Nf5 Bxf5 17. exf5 b3 18. Bxb3 Nxb3 19. cxb3 Rb8 $13 {
0-1 Peng Xiaomin-Hector,J/Istanbul 2000/EXT 2001/[Hecht] (56)}) 12. a5 $146 {
[%mdl 8] The P can be a weakness on a5, but it also stops the typical manouvre
with Na5 and b3.} (12. Be3 Bxe3 13. fxe3 Na5 14. Ba2 c5 15. Nd2 Bc8 16. Nh5 Ng4
$5 $36 {0-1 Lerner,K-Morozevich,A/Podolsk 1993/CBM 38 (73)}) 12... Bc8 13. c3
Bg4 14. Bc4 Qc8 15. h3 Be6 (15... bxc3 $5 16. bxc3 Be6 17. Bxe6 fxe6 18. d4
exd4 19. cxd4 Bb4 $132) 16. Bxe6 fxe6 17. d4 Ba7 (17... bxc3 18. dxc5 cxb2 19.
Bxb2 Rxb2 20. cxd6 cxd6 21. Qxd6 $14) 18. Qd3 bxc3 19. bxc3 exd4 20. cxd4 Rb5
$6 (20... Nb4 $5 {[%cal Yd6d5,Yc7c5]}) 21. Bd2 $14 {White controls the centre
with his P:s.} Nd7 22. Ne2 (22. Rfc1 $16) 22... Nf6 23. Rfc1 Nb4 24. Bxb4 Rxb4
25. e5 (25. Rc6 $16) 25... dxe5 26. Nxe5 c5 27. Qc2 Rb5 28. Nd3 Nd7 29. Nc3 Rb8
30. Ne4 Qc6 $2 (30... cxd4 $142 31. Qa2 Qe8 32. Rc6 $36) 31. Ndxc5 Nxc5 32.
dxc5 $18 Rb4 33. Re1 h6 34. Rad1 Bb8 35. Nd6 Rbf4 36. Re2 Qc7 37. Qc3 R4f5 38.
Rc1 Rg5 39. g3 Qc6 40. Qc4 Kh8 41. Qxe6 Qf3 42. Qe4 Qa3 43. Qe3 Qxa5 44. Qe7
Bxd6 45. cxd6 Rg8 46. d7 Qf5 47. Qe8 Qd3 48. Re3 Qd2 49. Qxg8+ Kxg8 50. Rc8+
Kh7 51. d8=Q 1-0

[Event "Dos Hermanas 10th"]
[Site "Dos Hermanas"]
[Date "1999.04.10"]
[Round "4"]
[White "Illescas Cordoba, Miguel"]
[Black "Adams, Michael"]
[Result "1/2-1/2"]
[WhiteElo "2585"]
[BlackElo "2716"]
[Annotator "Wedberg,T"]
[PlyCount "61"]
[EventDate "1999.04.06"]
[EventType "tourn"]
[EventRounds "9"]
[EventCountry "ESP"]
[EventCategory "19"]
[SourceTitle "CBM 071"]
[Source "ChessBase"]
[SourceDate "1999.08.01"]
[SourceVersion "1"]
[SourceVersionDate "1999.08.01"]
[SourceQuality "1"]

1. e4 e5 2. Nf3 Nc6 3. Bb5 a6 4. Ba4 Nf6 5. O-O Bc5 6. c3 b5 7. Bc2 d6 8. a4
Bg4 9. b4 Bb6 10. h3 Bh5 11. axb5 axb5 12. Rxa8 Qxa8 13. Na3 Na7 $146 (13...
Nd8 14. d3 (14. Nxb5 Nxe4 15. d4 O-O 16. dxe5 dxe5 17. Qe2 f5 $132 {0-1
Svidler,P-Benjamin,J/Lucerne 1997/CBM 62/[ChessBase] (78)}) 14... c6 15. Bb3
O-O 16. Nc2 Ne6 17. Ne3 (17. g4 $5) 17... Bxf3 18. Qxf3 Qa1 $132 {1/2-1/2
Jansa,V-Gross,D/Zlin 1998/CBM 66 (67)}) 14. d3 O-O 15. g4 Bg6 (15... Nxg4 $5 {
This sacrifice must always be taken seriously. Even if there is no immediate
regaining of material, Black will have two P:s and an exposed white K for his
piece.} 16. hxg4 Bxg4 17. Bb3 (17. Be3 f5 18. Bb3+ Kh8 19. Bd5 (19. Bxb6 fxe4
$40) 19... Qc8 $1 $40) 17... Kh8 18. Nc2 f5 19. Ne3 (19. Bd5 Qc8 $40) 19...
Bxe3 20. fxe3 fxe4 21. dxe4 Qc8 $1 $44 {looks interesting for Black.}) 16. Bg5
Nd7 17. Bb3 Kh8 18. Nh4 $14 {Now White is the aggressor on the K-side. He has
longterm chances of building an attack.} h6 19. Bd2 (19. Nxg6+ fxg6 $13) 19...
Bh7 20. Nc2 (20. Qf3 Qd8 21. Nf5 Qf6 22. Qg3 $14) 20... Qd8 21. Nf5 Nc8 22.
Nce3 Ne7 23. Nxe7 Qxe7 {Every exchange makes Black´s game a little easier.} 24.
Nd5 Qd8 25. Kg2 c6 26. Nxb6 Nxb6 27. Be3 (27. f4 $5) 27... d5 28. f3 f6 29. Qd2
(29. Qc2 $14) 29... dxe4 30. fxe4 (30. dxe4 Qxd2+ 31. Bxd2 Bg8 $132 {><c4})
30... Na4 $1 $132 31. Bd1 $13 {Actually quite an unclear position. White has
the pair of B:s, but the black P-formation is slightly sounder.} (31. Ra1 Qd7
32. Bxa4 bxa4 33. Rxa4 Rd8 $36) (31. Bd1 Qd7 32. Be2 Rd8 33. Qc2 $13) 1/2-1/2

[Event "Cutro 05th"]
[Site "Cutro"]
[Date "1999.04.29"]
[Round "8"]
[White "Zontakh, Andrey"]
[Black "Pegorari, Pietro"]
[Result "1-0"]
[WhiteElo "2530"]
[BlackElo "2385"]
[Annotator "Wedberg,T"]
[PlyCount "71"]
[EventDate "1999.04.??"]
[EventType "tourn"]
[EventRounds "11"]
[EventCountry "ITA"]
[EventCategory "10"]
[SourceTitle "CBM 071"]
[Source "ChessBase"]
[SourceDate "1999.08.01"]
[SourceVersion "1"]
[SourceVersionDate "1999.08.01"]
[SourceQuality "1"]

1. e4 e5 2. Nf3 Nc6 3. Bb5 a6 4. Ba4 Nf6 5. O-O b5 6. Bb3 Bb7 7. c3 Nxe4 8. d4
Na5 9. Bc2 exd4 10. Nxd4 d5 (10... c5 11. Nf5 d5 $5 {was an important
improvement on} (11... Qf6 12. Nd2 $1 {with good chances for White in a number
of games, e.g. 1-0 Almasi,Z - Beliavsky,A/Dortmund 1998/CBM 66/[Wedberg] (43)})
12. f3 Ng5 13. Bxg5 Qxg5 14. Re1+ Kd7 15. Nd2 g6 $17 {0-1 Almasi,Z-Beliavsky,A/
Vrnjacka Banja 1998/CBM 67/[Beliavsky] (57)}) 11. f3 Nd6 12. Re1+ Kd7 (12...
Be7 13. Bg5 f6 14. Ne6 $40) 13. Bf4 Kc8 $6 (13... c5 $142 14. Nf5 Nxf5 15.
Bxf5+ Kc6 $13 {1/2-1/2 Ivanov,A-Nickoloff,B/Philadelphia 1993/EXT 99 (20)}) 14.
a4 $44 {Black has a P, but that´s about it. White has a lot of play.} Nc6 15.
axb5 Nxd4 16. cxd4 {Now White adds the c-file and the square c5 to his trumps.}
(16. Qxd4 {to prevent the exchange of R:s on the a-file.} Nxb5 (16... axb5 17.
Rxa8+ Bxa8 18. Qa7 $40) 17. Qf2 $44) 16... axb5 17. Rxa8+ Bxa8 18. Nd2 Be7 19.
Nb3 Bg5 20. Be5 Nc4 21. Qa1 $40 Kb8 22. Qa6 Qc8 23. Qxb5+ Qb7 24. Qa4 Qc6 25.
Qb4+ Qb6 26. Qxb6+ {Simple and good. The ending is not difficult fot White.}
Nxb6 27. Bxg7 $18 Rg8 28. Be5 h5 29. Nc5 Bb7 30. b3 Bc8 31. Bh7 Rd8 32. f4 Bh6
33. Rc1 Rf8 34. Nd3 Na8 35. Rc6 f6 36. Rxf6 1-0

[Event "EU-chT (Men) 12th"]
[Site "Batumi"]
[Date "1999.11.30"]
[Round "2.3"]
[White "Galkin, Alexander"]
[Black "Emms, John M"]
[Result "1/2-1/2"]
[WhiteElo "2535"]
[BlackElo "2586"]
[Annotator "Wedberg,T"]
[PlyCount "148"]
[EventDate "1999.11.06"]
[EventType "team-swiss"]
[EventRounds "9"]
[EventCountry "GEO"]
[SourceTitle "CBM 074"]
[Source "ChessBase"]
[SourceDate "2000.02.01"]
[SourceVersion "1"]
[SourceVersionDate "2000.02.01"]
[SourceQuality "1"]
[WhiteTeam "Russia"]
[BlackTeam "England"]
[WhiteTeamCountry "RUS"]
[BlackTeamCountry "ENG"]

1. e4 e5 2. Nf3 Nc6 3. Bb5 a6 4. Ba4 Nf6 5. O-O Bc5 6. c3 b5 7. Bc2 d6 8. d4
Bb6 9. h3 Bb7 10. Re1 O-O 11. Be3 Re8 12. Nbd2 h6 (12... Rb8 13. a3 h6 14. Qe2
d5 $6 15. Nxe5 $1 dxe4 16. Ng4 $16 {1-0 Nunn,J-Hector,J/Oxford 1998/CBM 69/
[Wedberg] (34)}) 13. a3 Na7 {This looks slightly strange, but there is a
simple logic behind the move. Black wants to avoid the doubling of b-P:s after
a white d5.} (13... Ba7 14. b4 Nd7 15. Nb3 Bb6 16. Bd3 f5 17. exf5 e4 18. d5
exf3 19. dxc6 Bxc6 20. Bxb6 Rxe1+ 21. Qxe1 Nxb6 22. Nd4 {1-0 Rytshagov,
M-Ziegler,A/Gothenburg 1998/CBM 63 (31)}) 14. a4 {/\a5} exd4 15. cxd4 c5 16. d5
$1 {Pinpointing the oddly placed N on a7.} Nc8 17. axb5 axb5 18. Rxa8 Bxa8 19.
b3 $16 {White's on top due to better piece coordination. The b5-P is a problem,
since b4 would give White the tremedous square c4.} Ba5 20. Qa1 Bb7 21. Bd3 c4
$5 {After this P-sacrifice White is clearly better. On the other hand it
wasn't easy to suggest a better plan.} 22. bxc4 bxc4 23. Bxc4 Nxe4 24. Bxh6 $1
{White wins a P.} Bc3 25. Qb1 Nxd2 26. Rxe8+ Qxe8 27. Bxd2 Bxd2 28. Nxd2 {
White is a P up, but Black's chances for a draw must be rated rather high.
It's not very easy to convert the h3-P to a winning weapon and the d5-P is a
weakness.} Qe7 29. Nf1 Qc7 30. Ne3 Nb6 31. Qe4 Qd8 32. Bd3 g6 33. h4 Nd7 34.
Be2 Nf6 35. Qd4 Qe7 36. Bf3 Qe5 37. Qd1 Qc3 38. Qb1 Qc7 39. Qb2 Qe7 40. g3 Kh7
41. Kg2 Bc8 42. Qb6 Bb7 43. Kh2 Kg7 44. Qb2 Kh7 45. Qb6 Kg7 46. Qb4 Ba6 47. Qd4
Kg8 48. Qf4 Bd3 49. Qd4 Ba6 50. Kg2 Bb5 51. Bd1 Ba6 52. f4 Qe4+ 53. Qxe4 Nxe4
54. Bf3 Nd2 55. Kf2 f5 56. Bg2 Kf7 57. Ke1 Nc4 58. Nc2 Nb6 59. Kd2 Nd7 60. Bf3
Nf6 61. Ke3 Bb5 62. Kd4 Ba6 63. Ne3 Bb5 64. g4 fxg4 65. Nxg4 Nxg4 66. Bxg4 Kf6
67. Kc3 Bf1 68. Be6 Bg2 69. Kc4 Bf3 70. Kb5 Bxd5 $1 $11 71. Bxd5 Kf5 72. Bf7
Kxf4 73. Bxg6 Kg4 74. h5 Kg5 1/2-1/2

[Event "FIDE-Wch k.o."]
[Site "New Delhi/Teheran"]
[Date "2000.12.13"]
[Round "6.2"]
[White "Anand, Viswanathan"]
[Black "Adams, Michael"]
[Result "1-0"]
[WhiteElo "2762"]
[BlackElo "2755"]
[Annotator "Wedberg,T"]
[PlyCount "71"]
[EventDate "2000.11.27"]
[EventType "k.o."]
[EventRounds "7"]
[EventCountry "IND"]
[SourceTitle "CBM 081"]
[Source "ChessBase"]
[SourceDate "2001.03.20"]
[SourceVersion "1"]
[SourceVersionDate "2001.03.20"]
[SourceQuality "1"]

1. e4 {McShane} e5 2. Nf3 Nc6 3. Bb5 a6 4. Ba4 Nf6 5. O-O Bc5 6. c3 b5 7. Bc2
d6 8. a4 Bg4 9. h3 Bh5 10. d3 O-O 11. Nbd2 b4 {'?!' McShane.} (11... d5 $5 {
McShane gaining space in the centre, has been tried with success:} 12. axb5
axb5 13. Rxa8 Qxa8 14. exd5 Nxd5 15. Ne4 Bb6 16. Ng3 Bg6 17. Nh4 b4 18. Nxg6
hxg6 19. Qf3 Nce7 20. Bb3 bxc3 21. bxc3 Qa5 {0-1 Garcia,G-Benjamin,J/Toronto
1998/CBM 65 ext (62)}) 12. a5 {'!' McShane. McShane: 'Fixing a weakness on a6,
reducing the mobility of Black's queenside pieces.'} Rb8 13. g4 $5 $146 {
[%mdl 8] New and more direct than the alternatives:} (13. Re1 Qc8 14. Nf1 b3
$13 {1-0 Adams,M-Benjamin,J/Luzern 1997/CBM 62 (40)}) (13. Qe2 bxc3 14. bxc3 d5
15. d4 $13 {1-0 Svidler,P-Adams,M/Neum 2000/EXT 2001 (34)}) 13... Bg6 14. Nc4
bxc3 15. bxc3 Qc8 {Avoiding pins by Bg5 or Ba4 - and eying g4.} 16. Ba4 Na7 (
16... Ne7 {is possible.}) 17. Be3 Bxe3 (17... Nxg4 $2 18. Bxc5 dxc5 19. hxg4
Qxg4+ 20. Kh1 Qh3+ (20... Bh5 21. Ncxe5 Qh3+ 22. Kg1 f6 23. Bd7 $18) 21. Nh2
Rfd8 22. f3 $18) 18. Nxe3 c6 (18... Nb5 {is playable, but where is it going?})
19. Qd2 {McShane: 'Black's opening has not been a success. He has less space
on the flanks and restricted pieces. However, it's far from over and it is
interesting to watch how easily Anand converts his advantage.'} Qc7 (19... h5
$5) 20. c4 $1 {Making the N on a7 look a bit stupid. McShane: 'Now the knight
cannot use b5.'} c5 $2 {[%mdl 16384] Black understandably wants to play his
a7-N to d4, but giving away d5 is too high a price.} (20... Nd7 $5) 21. Nh4 $6
{Giving Black a chance to get back in the game.} (21. g5 $1 Nh5 22. Nd5 $16)
21... Kh8 $2 {The K walks away from a N-check on e7, but was it really a
threat?} (21... Nc6 $5 {Looks like a blunder, but I don't think it is.} 22. g5
Nh5 23. Nd5 (23. Bxc6 Qxc6 24. Nd5 Qd7 25. Qe3 Rb3 $13) 23... Qxa5 $1 {This
trick seems to work.} 24. Qxa5 (24. Ne7+ Kh8 25. Qxa5 Nxa5 26. Bd7 Rfd8 27. Bg4
Nb3 28. Rxa6 Nd4 $13) 24... Nxa5 25. Bd7 (25. Bc2 Nc6 26. Rxa6 Nd4 $132) 25...
Rfd8 26. Rxa5 Rxd7 27. Rxa6 f6 $14) 22. g5 Nh5 23. Nd5 Qd8 24. Rfb1 {[%csl Ra7]
Now Black is in a difficult position. The N on a7 is stranded in the corner
and White has an entry square on b6. Adams decides to try some tactics.} Nf4 (
24... f6 {McShane: may be another way to try to stir up counterplay.}) 25. Nxf4
Qxg5+ 26. Nhg2 exf4 27. Rb6 $1 $16 {McShane: 'The pawn can go anytime. Anand
sorts out his priorities on the queenside.'} Rbd8 28. Qxf4 Qe7 29. Rab1 Nc8 30.
Rb7 Qe6 (30... Qe5 {McShane: never does Black any good. With the dominant
rooks on the queenside the endgame makes White's life easier.}) 31. Qg5 h6 (
31... Qxh3 32. Nf4 Qh6 33. Qxh6 gxh6 34. f3 $16 {[%csl Ra6,Rc8][%cal Yg1f2,
Yb1h1]}) 32. Qg3 Qf6 33. Nf4 Ne7 34. Kg2 {McShane: 'A calm tidying-up move to
avoid checks on a1 when White plays Rb1-b6'} Ng8 35. Nd5 Qe6 36. Bd1 {McShane:
'Black is virtually immobilised, as 36...Nf6 allows 37.Re7! Qc8 38.Nxf6 and
Rb1-b6 with a crushing position; f7-f5 breaks allow Nf4, and Bg4 is coming.'} (
36. Bd1 Nf6 37. Re7 Qc8 38. Nxf6 gxf6 39. Qf4 Kg7 40. Rb6 $18) 1-0

[Event "Moscow Aeroflot op"]
[Site "Moscow"]
[Date "2002.02.09"]
[Round "8"]
[White "Yemelin, Vasily"]
[Black "Kaidanov, Gregory S"]
[Result "0-1"]
[WhiteElo "2522"]
[BlackElo "2596"]
[Annotator "Wedberg,T"]
[PlyCount "70"]
[EventDate "2002.02.04"]
[EventType "swiss"]
[EventRounds "9"]
[EventCountry "RUS"]
[SourceTitle "CBM 088"]
[Source "ChessBase"]
[SourceDate "2002.03.21"]
[SourceVersion "1"]
[SourceVersionDate "2002.03.21"]
[SourceQuality "1"]

1. e4 e5 2. Nf3 Nc6 3. Bb5 a6 4. Ba4 Nf6 5. O-O b5 6. Bb3 Bb7 7. Re1 Bc5 8. c3
d6 9. d4 Bb6 10. Be3 O-O 11. Nbd2 h6 12. d5 Ne7 13. Bxb6 cxb6 14. Nf1 Bc8 $146
{Logical novelty preparing to advance on the K-side with f5 - but only after
due preparation.} (14... Nd7 15. Ne3 f5 16. exf5 Nxf5 17. Nxf5 Rxf5 {has been
played before, but f5 in this version weakens the black K-side. Kaidanovs plan
seems more to the point.}) 15. Bc2 Ne8 16. Ne3 Ra7 17. Qd3 g6 $1 {[%mdl 4] If
Black seriously wants to attack on the K-side f5 has to be prepared by g6.} 18.
Nd2 f5 19. exf5 gxf5 $1 {This is the difference. Black keeps an intact P-front.
} (19... Nxf5 20. Ne4 $14) 20. g3 {This looks weakening, but White is
preparing to meet different attacking schemes.} (20. a4 $5) 20... Ng6 21. Ng2
Rg7 22. Kh1 Nf6 {Kaidanov has managed to bring all his pieces to good squares
in preparation for the coming attack.} 23. f4 exf4 $5 {Opening the position is
the right way to increase the pressure against the white K.} ({But} 23... e4 {
was playable as well} 24. Qd4 Bb7 25. Ne3 Ne7 26. Bb3 Qc7 $13 {[%csl Rd5][%cal
Yc7c5]}) 24. Nxf4 Nxf4 25. gxf4 Ng4 $6 {Not best. On g4 the N blocks the
attack on the g-file.} (25... Nh5 $5 $40 {[%cal Yd8h4,Yh5g3,Yh5f4]}) 26. Re2
Qh4 27. Qd4 Kh7 28. Rg1 Rfg8 29. Rf1 (29. Rgg2 Nf6 30. Nf3 Qh3 31. Ne1 Nh5 32.
Kg1 $13) 29... Re8 30. Rg2 Rge7 31. Rfg1 $2 (31. Nf3 $1 Qh3 32. Ng1 Qh5 33. Rf3
$132) 31... Re2 $1 $17 {[%cal Rh4h2]} 32. Nf1 Rxg2 33. Rxg2 Re1 34. Kg1 Qh3 35.
Qd2 $2 (35. Bd3 Qe3+ 36. Qxe3 Nxe3 $17) 35... Ne3 $1 0-1

[Event "NED-ch55"]
[Site "Rotterdam"]
[Date "2000.05.15"]
[Round "8"]
[White "Nijboer, Friso"]
[Black "Van der Wiel, John"]
[Result "1-0"]
[WhiteElo "2540"]
[BlackElo "2558"]
[Annotator "Wedberg,T"]
[PlyCount "93"]
[EventDate "2000.05.07"]
[EventType "tourn"]
[EventRounds "11"]
[EventCountry "NED"]
[EventCategory "12"]
[SourceTitle "CBM 077"]
[Source "ChessBase"]
[SourceDate "2000.07.27"]
[SourceVersion "1"]
[SourceVersionDate "2000.07.27"]
[SourceQuality "1"]

1. e4 e5 2. Nf3 Nc6 3. Bb5 a6 4. Ba4 Nf6 5. O-O b5 6. Bb3 Bb7 7. c3 Nxe4 8. d4
Na5 9. Nxe5 (9. Bc2 exd4 {is the alternative, but neither} 10. Nxd4 ({nor} 10.
b4 {seems to give Black any headaches at the present.})) 9... Nxb3 10. Qxb3 Qf6
{This is one of the worst lines Black can choose from a statistical point of
view. White has a score of 84% from 22 games in my database. But Van der Wiel
enters it with a new move up his sleeve.} (10... Nd6 {The solid approach.} 11.
c4 Qf6 (11... bxc4 $5 12. Nxc4 Nxc4 13. Qxb7 Be7 14. Bf4 O-O 15. Nc3 Bd6 $11 {
1/2-1/2 Kozakov,M-Mikhalchishin,A/Ptuj 2000/CBM 74 ext (59)}) 12. Nc3 Qe6 13.
Re1 $36 {1-0 Bauer,C-Kasimdzhanov,R/Las Vegas 1999/CBM 72/[Wedberg] (55)}) 11.
f3 Nc5 (11... Nd6 12. a4 Qe6 13. Qd1 O-O-O 14. axb5 axb5 15. Na3 Qd5 16. b3 Nf5
17. Qd3 $16 {1/2-1/2 Rytshagov,M-Shirov,A/Tallinn 1996/CBM 50 ext (49)}) 12.
Ng4 $1 Nxb3 13. Nxf6+ Ke7 (13... gxf6 14. Re1+ Be7 15. axb3 d6 16. c4 Kd7 17.
Nc3 f5 (17... Rhg8 18. Kf2 f5 19. Ra5 $1 {1-0 Gdanski,J-Volzhin,A/Oakham 1992/
CBM 30/[Schussler] (64)}) 18. Ra5 $1 Bf6 19. Rd1 c6 20. Bf4 Rhe8 21. c5 $1 $14
{Gdanski,J-Czerwonski/POL-ch/1992/1-0/}) 14. Bg5 (14. axb3 Kxf6 15. c4 bxc4 16.
bxc4 Bb4 17. Bd2 a5 $11 {1/2-1/2 Ivanchuk,V-Beliavsky,A/Linares 1992/CBM 28/
[Schussler] (62)}) 14... Nxd4 $146 {[%mdl 8] This is new, but I don´t think it
quite saves the line. Taking the R is a well known mistake first pointed out
by Larry Christiansen in the Informant.} (14... Nxa1 15. Re1+ Kd6 16. Bf4+ Kc6
17. d5+ Kc5 18. b4+ Kc4 19. Na3+ Kxc3 20. Ne4+ Kxb4 21. Rb1+ Kxa3 22. Nc3 {
1-0 Hall-Colinson, Oakham 1992.}) 15. cxd4 gxf6 16. Re1+ Kd6 17. Bxf6 Rg8 18.
Nc3 $6 {White does not have to give the f3-P.} (18. Be5+ Kd5 (18... Kc6 $143
19. Rc1+) (18... Ke6 19. Bxc7+ Kf5 20. Nd2 Bb4 21. Re5+ Kg6 22. Nb3 $16) 19.
Nc3+ Kc6 20. Ne4 $16) 18... Bxf3 $1 19. Be5+ Kc6 20. Bg3 b4 $2 (20... Bg4 $1
21. Rac1 Bh6 22. Rc2 Kb7 $15) 21. Rac1 $1 {Now White is on top after all.} Kb7
(21... bxc3 22. Rxc3+ Kd5 23. Rxf3 $40 {[%csl Rd5]}) 22. gxf3 bxc3 23. Rxc3 $14
{[%csl Rb7] Blacks weak K gives White the better chances.} Rc8 24. Rb3+ Ka7 25.
Kf1 Rg6 26. Bf2 Bd6 27. Re4 Rb8 28. d5+ Ka8 29. Rxb8+ Kxb8 30. Re8+ Kb7 31. Rh8
Rh6 32. Bg3 Bxg3 33. hxg3 Rh2 34. b4 d6 35. g4 f6 36. a3 Ra2 37. Rxh7 Rxa3 38.
Kf2 Rb3 39. Rf7 Rxb4 40. Rxf6 $18 {[%csl Gf3,Gg4]} a5 41. Re6 a4 42. Re3 Rd4
43. g5 Rxd5 44. f4 Ra5 45. g6 a3 46. g7 a2 47. Re1 1-0

[Event "Moscow Aeroflot op"]
[Site "Moscow"]
[Date "2002.02.07"]
[Round "4"]
[White "Galkin, Alexander"]
[Black "Prokopchuk, Evgeny"]
[Result "1/2-1/2"]
[WhiteElo "2570"]
[BlackElo "2508"]
[Annotator "Wedberg,T"]
[PlyCount "111"]
[EventDate "2002.02.04"]
[EventType "swiss"]
[EventRounds "9"]
[EventCountry "RUS"]
[SourceTitle "CBM 088"]
[Source "ChessBase"]
[SourceDate "2002.03.21"]
[SourceVersion "1"]
[SourceVersionDate "2002.03.21"]
[SourceQuality "1"]

1. e4 e5 2. Nf3 Nc6 3. Bb5 a6 4. Ba4 Nf6 5. O-O b5 6. Bb3 Bc5 7. a4 Rb8 8. c3
d6 9. d4 Bb6 10. Na3 O-O 11. axb5 axb5 12. Nxb5 exd4 13. cxd4 Bg4 14. Ra3 $5 {
[%mdl 8] Anands invention played first against Tkachiev in Moscow 2001. (When
I first saw it I thought it was a misprint and that Ra4 must have been played!)
Just like in the popular line starting with 14.Ra4 White activates his R in a
slightly unusual fashion. The idea here is to protect the vulnerable squares
on the third rank, especially b3 and c3.} (14. Ra4 Re8 15. Re1 (15. Bg5 h6 16.
Bd5 (16. Bh4 Rxe4 17. Bxf6 Qxf6 18. Bd5 Bxf3 19. Qxf3 Rf4 20. Bxf7+ Qxf7 21.
Qxc6 Rf8 $132 {1-0 Budylina,S-Matras,A/Yerevan 1999/CBM 72 ext (67)}) 16...
Bxf3 17. Qxf3 Nxd4 18. Nxd4 Bxd4 19. Bc6 (19. Rxd4 hxg5 20. Bc6 Re5 21. b4 Qe7
22. b5 g6 23. Ra4 Kg7 24. Qc3 Rc5 25. Qa1 Qe5 26. Qxe5 {1/2-1/2 Ye
Jiangchuan-Peng Xiaomin/Shanghai 2001/CBM 85 (26)}) 19... hxg5 20. Bxe8 g4 21.
Qe2 c5 22. Bc6 Qb6 23. Ra8 Rxa8 24. Bxa8 Qxb2 $11 {0-1 Almasi,Z-Piket,J/Monte
Carlo 2001/CBM 81 ext (35)}) 15... Ba5 $5 16. Nc3 Bxc3 17. bxc3 Rxe4 18. Be3
Bxf3 19. gxf3 Re8 20. Ra6 $13) 14... Re8 15. Re1 d5 (15... Ba5 16. Nc3 Bxc3 17.
bxc3 Rxe4 {doen´t work here because of} 18. Rxe4 Nxe4 19. Bd5 $1 {with the R
on a4 this would have been met by Nxc3.} Qe8 20. Qe1 Nf6 (20... Bf5 21. Ra6 Nd8
22. Nh4 Nf6 23. Qxe8+ Nxe8 24. Nxf5 Rb1 25. g3 Rxc1+ 26. Kg2 $18 {[%cal Ya6a8]}
) 21. Qxe8+ Nxe8 22. Bxc6 Rb1 23. Kf1 $18) 16. e5 Ne4 17. Be3 Ba5 18. Na7 $1
Bxf3 19. Qxf3 $5 $146 {[%mdl 8]} (19. gxf3 Bxe1 20. fxe4 (20. Nxc6 Bxf2+ 21.
Bxf2 Qg5+ 22. Kf1 Nxf2 23. Kxf2 Qh4+ {and Black has active play against the
white K.}) 20... Nxa7 21. Rxa7 dxe4 22. Ba4 Bxf2+ 23. Bxf2 Qg5+ $14 {with
complex play in 1/2-1/2 Anand,V-Tkachiev,V/Moscow 2001/CBM 86 (48)}) 19... Nxd4
{Perhaps best.} (19... Nxa7 {Simplyfing is not so clear since the N on e4 is
actually stranded and can eventually be harrassed with f3.} 20. Rxa5 Rxb3 21.
Rxa7 Qb8 22. Ra2 Rxb2 23. Rxb2 Qxb2 24. Qg4 $14 {White has a nice position
without weaknesses.}) 20. Bxd4 Bxe1 21. Nc6 Qd7 (21... Rxb3 $5 22. Qxb3 Qd7 23.
Qb7 $14) 22. Nxb8 Rxb8 23. Ra7 $14 {The pair of B:s and active R gives White
something to hope for.} Bb4 24. Ba4 Qe7 25. Qe3 h6 (25... Ng5 $5 {[%cal Yg5e6]}
) 26. Bc6 Bc5 27. Bxc5 Nxc5 28. Bxd5 Rxb2 29. Ra8+ Kh7 30. h3 $16 Rb4 31. Qc3
Rb6 32. Qc2+ g6 33. Bxf7 $1 $18 Qxe5 34. Bg8+ $2 (34. Re8 $1 Qg5 (34... Qf5 35.
Bxg6+ Qxg6 36. Re7+ Kg8 37. Qxc5 $18) 35. Ba2 $18 {[%cal Yc2c4,Yc4g8]} (35. f4
$18)) 34... Kg7 35. Ba2 Rf6 $1 $132 {[%csl Rf2][%cal Ye5e1] Black has enough
counterplay to draw now.} 36. Rg8+ Kh7 37. Rc8 Qe1+ 38. Kh2 Qe5+ 39. g3 h5 40.
f4 Qd6 41. h4 Qe7 42. Qb2 Nd3 43. Qc2 Nc5 44. Qc4 Re6 (44... Rf8 $142) 45. Qd4
Rf6 46. Rxc7 Qxc7 47. Qxf6 Ne4 $2 48. Qb2 $2 (48. Bg8+ $1 $18) 48... Qa7 49.
Bd5 Qf2+ $11 50. Qxf2 Nxf2 51. Kg2 Ng4 52. Be6 Nh6 53. Kf3 Kg7 54. Ke4 Kf6 55.
Bh3 Ng8 56. Kd5 1/2-1/2